Interpretación del desarrollo urbano en Guatemala /

Enregistré dans:
Détails bibliographiques
Auteur principal: Cabrera Mérida, Norma Olimpia
Format: Thèse
Publié: Guatemala: USAG
Tags: Ajouter un tag
Pas de tags, Soyez le premier à ajouter un tag!

MARC

LEADER 00000 a a2200000 04500
001 21724
003
040
090 |a 09720.00  
100 |a Cabrera Mérida, Norma Olimpia  
245 |a Interpretación del desarrollo urbano en Guatemala /  |c Norma Olimpia Cabrera Mérida 
260 |a Guatemala:   |b USAG  
300 |a 81 páginas  
502 |a Tesis (Licenciada en Economía) -- Universidad de San Carlos de Guatemala. Facultad de Ciencias Económicas, 1978  
999 |c 18057  |d 18057